000 00428nam a2200181Ia 4500
001 437
005 20260306140517.0
008 260306t2007||||xx |||||||||||||| ||spa||
041 _aESP
082 _a113
_bE73
100 _aEriúgena, Juan Escoto
_eAUT
245 0 _aSobre las naturalezas :
_bperiphyseon
260 _c2007
300 _a835 páginas :
_c25 cm.
650 _aGEN
654 _aCHU
942 _cLIB
_dJUS
_fJUS
_2ddc
_n
999 _c437
_d437